Haló auto

Podrobná bibliografia
Ďalší autori: Muchová, Jana (Šéfredaktor, zodpovedný redaktor), Bednár, Michal (Šéfredaktor, zodpovedný redaktor)
Médium: Časopis
Jazyk:slovenčina
Fyzický popis:5 zv. 30 cm
Vydavateľské údaje: Bratislava NEWS.sk 2006-2010
ISSN:1336-880X
Predmet:

MARC

LEADER 00000cas a2200000 a 4500
001 vtls008703480
003 SK-MaSNL
005 20260228155848.0
008 060524d20062010xo mr|p 0 b0slo
022 |a 1336-880X 
035 |a (SVKBB03)vtls000234751 
040 |a SVKPO  |b slo  |c SVKPO  |d SNK  |d SVKBB  |d SAVUK  |d SNK  |e AACR2 
041 0 |a slo 
044 |a xo  |c SK 
072 7 |a 629  |x Dopravné prostriedky  |2 konspekt 
080 |a 629.331  |2 2011 
080 |a 050  |2 2001 
080 |a (051)-048.55  |2 2011 
210 0 |a Haló auto 
222 0 |a Haló auto 
245 0 0 |a Haló auto 
246 1 3 |a HalóAuto 
260 |a Bratislava  |b NEWS.sk  |c 2006-2010 
300 |a 5 zv.  |c 30 cm 
310 |a 1x mesačne 
362 0 |a Č. apr. (2006)-č. dec. (2010) 
500 |a Registračné č.: MK SR 3542/2006 
500 |a Šéfred.: apr./2006-jan.-febr./2007, Jana Muchová ; mar./2007-2010, Michal Bednár 
500 |a Evidenčné číslo: EV 2188/08, EV 3410/09 
500 |a R. 2007-2009 obsahujú aj Vianočno-novoročné vydanie 
515 |a V č. jan./febr. (2007) chýbajú str.: 3-7, 40-43 
515 |a Niektoré čísla vychádzajú ako dvojčíslo 
650 0 7 |a automobily  |2 SNKPH  |9 18879 
655 7 |a špecializované časopisy  |2 SNKPH  |9 70509 
700 1 |a Muchová, Jana  |4 pbd  |9 265486 
700 1 |a Bednár, Michal  |4 pbd  |9 265487 
850 |a Štátna vedecká knižnica v Prešove 
910 |a savuk 
910 |a snk 
999 |c 761  |d 761 
952 |0 0  |1 0  |4 0  |7 0  |8 0  |a SNK  |b SNK  |d 2018-10-10  |i snk2018/20438  |l 0  |o snkČSB 6818/2006  |p 17A1329293  |r 2026-02-21 21:50:26  |t č. apr.-dec.  |w 2026-02-21  |y PREZ  |z Prvé číslo vyšlo v apríli 2006 
952 |0 0  |1 0  |4 0  |7 0  |8 0  |a SNK  |b SNK  |d 2018-10-10  |i snk2018/20444  |l 0  |o snkČSB 6818/2006 D1  |p 17A1329294  |r 2026-02-21 21:50:26  |t č. apr.-dec.  |w 2026-02-21  |y PREZ 
952 |0 0  |1 0  |4 0  |7 0  |8 0  |a SNK  |b SNK  |d 2018-10-11  |i snk2018/20617  |l 0  |o snkČSB 6818/2007  |p 17A1329295  |r 2026-02-21 21:50:43  |t č. jan.-dec.  |w 2026-02-21  |y PREZ  |z Obsahuje aj Vianočno-novoročné vydanie 
952 |0 0  |1 0  |4 0  |7 0  |8 0  |a SNK  |b SNK  |d 2018-10-11  |i snk2018/20619  |l 0  |o snkČSB 6818/2007 D1  |p 17A1329296  |r 2026-02-21 21:50:43  |t č. jan.-dec.  |w 2026-02-21  |y PREZ  |z Obsahuje aj Vianočno-novoročné vydanie ; V č. jan./febr. chýbajú str.: 3-7, 40-43 
952 |0 0  |1 0  |4 0  |7 0  |8 0  |a SNK  |b SNK  |d 2018-10-11  |i snk2018/20646  |l 0  |o snkČSB 6818/2008  |p 17A1329297  |r 2026-02-21 21:50:43  |t č. mar.-dec.  |w 2026-02-21  |y PREZ  |z Obsahuje aj Vianočno-novoročné vydanie 
952 |0 0  |1 0  |4 0  |7 0  |8 0  |a SNK  |b SNK  |d 2018-10-11  |i snk2018/20652  |l 0  |o snkČSB 6818/2008 D1  |p 17A1329298  |r 2026-02-21 21:50:43  |t č. mar.-dec.  |w 2026-02-21  |y PREZ  |z Obsahuje aj Vianočno-novoročné vydanie 
952 |0 0  |1 0  |4 0  |7 0  |8 0  |a SNK  |b SNK  |d 2018-10-11  |i snk2018/20661  |l 0  |o snkČSB 6818/2009  |p 17A1329299  |r 2026-02-21 21:50:43  |t č. mar.-dec.  |w 2026-02-21  |y PREZ  |z Obsahuje aj Vianočno-novoročné vydanie 
952 |0 0  |1 0  |4 0  |7 0  |8 0  |a SNK  |b SNK  |d 2018-10-11  |i snk2018/20663  |l 0  |o snkČSB 6818/2009 D1  |p 17A1329300  |r 2026-02-21 21:50:43  |t č. mar.-dec.  |w 2026-02-21  |y PREZ  |z Obsahuje Vianočno-novoročné vydanie 
952 |0 0  |1 0  |4 0  |7 0  |8 0  |a SNK  |b SNK  |d 2018-10-11  |i snk2018/20664  |l 0  |o snkČSB 6818/2010  |p 17A1329301  |r 2026-02-21 21:50:43  |t č. mar.-dec.  |w 2026-02-21  |y PREZ 
952 |0 0  |1 0  |4 0  |7 0  |8 0  |a SNK  |b SNK  |d 2018-10-11  |i snk2018/20665  |l 0  |o snkČSB 6818/2010 D1  |p 17A1329302  |r 2026-02-21 21:50:43  |t č. mar.-dec.  |w 2026-02-21  |y PREZ